Eurovision Song Lyrics - Malta - Statistics

General Stats
  • This quiz has been taken 14 times
  • The average score is 175 of 289
Answer Stats
Answer % Correct
a
100%
I
100%
i
100%
am
88%
the
88%
what
88%
is
75%
it
75%
my
75%
I'm
63%
in
63%
leave
63%
or
63%
take
63%
Take
63%
get
50%
gonna
50%
I'll
50%
Oh
50%
This
50%
who
50%
And
38%
back
38%
Bending
38%
Every
38%
ground
38%
hit
38%
I've
38%
make
38%
me
38%
stand
38%
time
38%
to
38%
again
25%
As
25%
as
25%
at
25%
backwards
25%
believe
25%
can
25%
command
25%
down
25%
enough
25%
fall
25%
had
25%
head
25%
inside
25%
It's
25%
masterplan
25%
Remind
25%
soon
25%
them
25%
trying
25%
understand
25%
up
25%
yeah
25%
(Yeah)
25%
yeah)
25%
you
25%
bed
13%
'Cause
13%
Devils
13%
fit
13%
Gettin'
13%
gettin'
13%
Late
13%
night
13%
(Ooh
13%
ooh)
13%
ooh
13%
shut
13%
that
13%
think
13%
No matching quizzes found
Score Distribution
Percent of People with Each Score
Percentile by Number Answered
Your Score History
You have not taken this quiz